| 000 | 00892nam a22002057a 4500 | ||
|---|---|---|---|
| 003 | BD-DhUL | ||
| 005 | 20160829180926.0 | ||
| 008 | 160829b xxu||||| |||| 00| 0 eng d | ||
| 040 |
_aBD-DhUL _cBD-DhUL |
||
| 082 |
_a909 _bHOG |
||
| 100 | 1 | _aহক, লুতফুল | |
| 245 | 1 | 0 |
_aগোষ্ঠিদ্বন্দ্ব ও মানব ভবিতব্য : _bভৌগোলিক প্রেক্ষাপটে বিশ্ব রাজনীতি / _cলুতফুল হক |
| 260 |
_aঢাকা : _bনাদিয়া, _cc ১৯৯৪ |
||
| 300 |
_axi , ৩২০ পৃ. : _bচিত্র সম্বলিত, মানচিত্র ; _c২১ সে. মি. |
||
| 365 |
_aBDT _b260.00 |
||
| 500 | _aনির্ঘন্ট সংবলিত | ||
| 650 | 0 | _aবিশ্ব রাজনীতি | |
| 650 | 0 | _aWorld Politices | |
| 942 |
_2ddc _cBK |
||
| 999 |
_c102557 _d102557 |
||